000 00683nam a2200217 i 4500
001 115283
003 ES-MaACL
005 20250707062628.0
007 t|
008 070228s1909 sp ||||1| spa d
080 _a821.134.2-32"19"
100 1 _aLeón, Ricardo,
_d1877-1943
_971597
245 1 0 _aAmor de caridad /
_cpor Ricardo León ; ilustraciones de Santana Bonilla.
260 _aMadrid :
_bEl Cuento Semanal,
_c1909.
300 _a20 p. :
_bil. col. y n. ;
_c26 cm.
490 1 _aEl cuento semanal ;
_v125
700 1 _aSantana Bonilla
_c, ilustrador.
_9103328
830 0 3 _aEl cuento semanal
_v125
_9185957
852 _aES-MaACL
_jG-4443(21)
999 _c115283
_d115283